[Event "Tilburg"]
[Site "Tilburg"]
[Date "1993.??.??"]
[Round "1"]
[White "Stohl, Igor"]
[Black "Kortschnoj, Viktor"]
[Result "1-0"]
[WhiteElo "2545"]
[BlackElo "2625"]

1.d4 Nf6 2.c4 e6 3.Nc3 Bb4 4.Qc2 d5 5.cxd5 exd5 6.Bg5 c5 7.dxc5 h6 8.Bxf6 Qxf6
9.e3 O-O 10.Ne2 Nc6 11.a3 Bf5 12.Qd2 Bxc5 13.Nxd5 Qe5 14.Rc1 Bd6 15.Ng3 Rad8
16.Bc4 Be4 17.f4 Qe8 18.Nxe4 Qxe4 19.Qc2 Qxc2 20.Rxc2 Na5 21.Ba2 Rc8 22.Kd2 Rxc2+
23.Kxc2 Rc8+ 24.Kd3 Nc6 25.e4 Kf8 26.e5 Bb8 27.Rd1 Ne7 28.Nc3 a6 29.Ke4 Ke8
30.Bb3 Rc5 31.g3 f6 32.exf6 gxf6 33.Kf3 f5 34.Nd5 Ng8 35.Ne3 Ne7 36.Nd5 Ng8
37.Ne3 Ne7 38.Be6 Ba7 39.Nd5 Rc2 40.Nf6+ Kf8 41.g4 fxg4+ 42.Kxg4 Ng6 43.f5 Rg2+
44.Kf3 Rf2+ 45.Kg3 Ne5 46.Nd7+ Nxd7 47.Rxd7 h5 48.Rxb7 Bd4 49.b4 h4+ 50.Kg4 Bb2
51.a4 Rxh2 52.b5 axb5 53.a5 Rg2+ 54.Kxh4 Rg7 55.Rxb5 Bf6+ 56.Kh3 Ra7 57.Bc4 Ke7
58.a6 Bd4 59.Kg4 Kf6 60.Rb8 Rc7 61.Bd3 Rc3 62.Rd8 Bc5 63.Rd7 Ra3 64.Rd5 Be7
65.Kf3 Ra4 66.Rd7 Bc5 67.Rc7 Bd6 68.Rc6 Ke5 69.Ke3 Kd5 70.Rc2 Bc5+ 71.Kf3 Ra3
72.Ke2 Bd4 73.Rc7 Ra2+ 74.Kd1 Kd6 75.Rb7 Be3 76.f6 Rd2+ 77.Ke1 Rxd3 78.f7 Bh6
79.Rb6+ Ke7 80.Rxh6 Kxf7 81.Rh8 Kg7 82.a7 Kxh8 83.a8=Q+ Kg7 84.Qb7+ Kf8 85.Qb4+ Kg7
86.Qg4+ Kf6 87.Qf4+ Kg7 88.Qg5+ Kh8 89.Qh6+ Kg8 90.Qg6+ Kh8 91.Qxd3 Kg7 92.Qd6 Kh8
93.Ke2 Kg7 94.Qe6 Kh8 95.Kf3 Kg7 96.Kf4 Kh8 97.Kg5 Kg7 98.Qe7+  1-0

[Event "Tilburg"]
[Site "Tilburg"]
[Date "1993.??.??"]
[Round "1"]
[White "Bronstein, David I"]
[Black "Vaganian, Rafael A"]
[Result "1/2-1/2"]
[WhiteElo "2395"]
[BlackElo "2615"]

1.e4 e6 2.d4 d5 3.Nc3 Bb4 4.Ne2 dxe4 5.a3 Bxc3+ 6.Nxc3 Nc6 7.d5 exd5 8.Qxd5 Be6
9.Qxd8+ Rxd8 10.Bf4 Nf6 11.Bxc7 Rd7 12.Bf4 O-O 13.Bb5 Rc8 14.Bg5 Ne8 15.Rd1 Rxd1+
16.Kxd1 Nd6 17.Bxc6 Rxc6 18.Kc1 f5 19.Rd1 Kf7 20.Ne2 Nc4 21.Bf4 Rc8 22.a4 h6
23.h4 Kf6 24.h5 Ne5 25.Be3 Bc4 26.Nc3 Nc6 27.Rd7 b6 28.Nb5 Rd8 29.Rxd8 Nxd8
30.Nxa7 Ne6 31.g3 f4 32.gxf4 g6 33.Kd2 gxh5 34.f3 exf3 35.Bxb6 h4 36.Bg1 h3
37.Ke3 Bd5 38.b3 Kf5 39.c4 Bb7 40.b4 Nxf4 41.b5 Ng2+ 42.Kf2 Nf4 43.Nc6 Nd3+
44.Kxf3 Ne5+ 45.Kg3 Nxc6  1/2-1/2

[Event "Tilburg"]
[Site "Tilburg"]
[Date "1993.??.??"]
[Round "1"]
[White "Johansen, Darryl K"]
[Black "Rozentalis, Eduardas"]
[Result "1-0"]
[WhiteElo "2495"]
[BlackElo "2600"]

1.Nf3 Nf6 2.c4 e6 3.d4 b6 4.Nc3 Bb7 5.Qc2 Bb4 6.a3 Bxc3+ 7.Qxc3 d6 8.e3 Nbd7
9.Be2 O-O 10.O-O Qe7 11.b4 c5 12.dxc5 bxc5 13.Bb2 Nb6 14.a4 cxb4 15.Qxb4 Rab8
16.Rfd1 Ne4 17.Bd4 Ba6 18.Rab1 Rfc8 19.Ba1 Rb7 20.c5 Bxe2 21.cxd6 Nxd6 22.Qb2 Ne8
23.Qxe2 Nxa4 24.Qa6 Nc5 25.Qc4 Rcc7 26.Be5 Rxb1 27.Rxb1 Rb7 28.Rc1 Nd7 29.Bg3 h6
30.h3 Ndf6 31.Nd4 Qd7 32.Nc6 Nd5 33.e4 Ndf6 34.f3 Qd2 35.Be1 Qg5 36.Qc3 Nh5
37.h4 Qf4 38.Rd1 Ng3 39.Qe5 Qxe5 40.Nxe5 Nh5 41.Rd8 Nf6 42.g4 g5 43.hxg5 hxg5
44.Bd2 Kg7 45.Bxg5 Nc7 46.Be3 Nb5 47.Kg2 Ng8 48.Nd7 Rc7 49.Nc5 Ne7 50.Rb8 Nd6
51.Bd4+ Kg6 52.Nd3 Rc2+ 53.Kg3 f6 54.Rd8 Ndc8 55.Rd7 Kf7 56.Bxa7 Ke8 57.Rb7 Nxa7
58.Rxa7 e5 59.g5 fxg5 60.Nxe5 Kf8 61.Ra6 Kg7 62.Re6 Kf8 63.Rf6+ Kg8 64.Kg4 Rg2+
65.Kh5 Rg1 66.Ng4  1-0

[Event "Tilburg"]
[Site "Tilburg"]
[Date "1993.??.??"]
[Round "3"]
[White "Piket, Jeroen"]
[Black "Kaidanov, Grigory S"]
[Result "1/2-1/2"]
[WhiteElo "2590"]
[BlackElo "2640"]

1.d4 d5 2.c4 c6 3.Nc3 Nf6 4.Nf3 e6 5.Bg5 dxc4 6.e4 b5 7.e5 h6 8.Bh4 g5 9.Nxg5 hxg5
10.Bxg5 Nbd7 11.exf6 Bb7 12.g3 c5 13.d5 Bh6 14.Bxh6 Rxh6 15.Qd2 Qxf6 16.O-O-O Kf8
17.g4 Rg6 18.Rg1 Ne5 19.g5 Qf5 20.Qe3 exd5 21.Bh3 Qf3 22.Qxc5+ Kg8 23.Nxd5 Bxd5
24.Qxd5 Qxd5 25.Rxd5 Nd3+ 26.Kb1 Nf4 27.Rf5 Nxh3 28.Rg3 Nxf2 29.Rxf2 Rd8
30.Kc2 Rd3 31.Rg4 Rh3 32.Rd4 Rxg5 33.Rd8+ Kg7 34.Rd7 Kg6 35.Rdxf7 Rxh2 36.Rf6+ Kg7
37.Rf7+ Kg6  1/2-1/2